| 000 | 00397nam a2200157 a 4500 | ||
|---|---|---|---|
| 082 | 0 | 0 |
_a299.6 _bPAR |
| 100 | _aParrinder, Geofferey | ||
| 245 | _aWest African Religion | ||
| 260 |
_aLondon _bEpworth Press _c1961 |
||
| 300 | _a203p | ||
| 500 | _aincludes index and biblioraphy | ||
| 505 | 2 | _aBibliography, Index | |
| 650 | _aReligion-West African | ||
| 700 | 1 | _aParrinder, Geofferey | |
| 942 | _cBK | ||
| 999 |
_c5406 _d5406 |
||